[Event "HUN-chT2 Breyer 1617"]
[Site "Hungary"]
[Date "2017.02.26"]
[Round "7.8"]
[White "Sarok, Peter"]
[Black "Lugasi, Zoltan"]
[Result "1-0"]
[WhiteElo "2161"]
[BlackElo "2122"]
[PlyCount "45"]
[EventDate "2016.10.30"]
[EventType "team-tourn"]
[EventRounds "9"]
[EventCountry "HUN"]
[SourceTitle "EXT 2021"]
[Source "ChessBase"]
[SourceDate "2020.10.23"]
[SourceVersion "1"]
[SourceVersionDate "2020.10.23"]
[SourceQuality "1"]
[WhiteTeam "Kisber Aszar"]
[BlackTeam "Naszaly Geniusz Tata"]
[WhiteTeamCountry "HUN"]
[BlackTeamCountry "HUN"]

1. d4 e6 2. Nf3 b6 3. g3 Bb7 4. Bg2 f5 5. 0-0 Nf6 6. c4 g6 7. Nc3 Bg7 8. Bf4 d6 9. Ng5 Bxg2 10. Nxe6 Qe7 11. Nxg7+ Qxg7 12. Kxg2 g5 13. Bd2 f4 14. e3 fxg3 15. Qf3 0-0 16. Qxa8 c6 17. fxg3 Qc7 18. Rxf6 Rxf6 19. Rf1 Rxf1 20. Kxf1 g4 21. e4 Kg7 22. Bf4 Kg6 23. Kg1 1-0

[Event "HUN-chT2 Breyer 1415"]
[Site "Hungary"]
[Date "2014.09.07"]
[Round "1.6"]
[White "Lugasi, Zoltan"]
[Black "Medvegyne Balogh, Emese"]
[Result "1-0"]
[WhiteElo "2142"]
[BlackElo "2082"]
[PlyCount "75"]
[EventDate "2014.09.07"]
[EventType "team-tourn"]
[EventRounds "11"]
[EventCountry "HUN"]
[SourceTitle "EXT 2016"]
[Source "ChessBase"]
[SourceDate "2015.10.08"]
[SourceVersion "1"]
[SourceVersionDate "2015.10.08"]
[SourceQuality "1"]
[WhiteTeam "Geniusz Tata"]
[BlackTeam "Hobagoly"]
[WhiteTeamCountry "HUN"]
[BlackTeamCountry "HUN"]

1. e4 d5 2. exd5 Qxd5 3. Nc3 Qd6 4. d4 Nf6 5. Bc4 c6 6. h3 Be6 7. Qe2 Bxc4 8. Qxc4 e6 9. Nf3 Nbd7 10. Bg5 Qb4 11. Qd3 Bd6 12. 0-0 Qa5 13. a3 h6 14. b4 Qc7 15. Bxf6 gxf6 16. Rfe1 0-0-0 17. Na4 f5 18. c4 Nf6 19. d5 c5 20. bxc5 Bxc5 21. Nc3 Rhg8 22. Ne5 Nh5 23. Qf3 Rg3 24. Qxh5 Rdg8 25. Nb5 Bxf2+ 26. Kh1 Qb6 27. Re2 Rxg2 28. Nf3 R8g6 29. Rf1 Be3 30. Rfe1 f4 31. Ne5 Rg1+ 32. Rxg1 Rxg1+ 33. Kh2 Rg5 34. Qxf7 Qd8 35. Nxa7+ Bxa7 36. Qxe6+ Kb8 37. Nf7 f3 38. Nxd8 1-0

[Event "HUN-chT2 Charousek 1314"]
[Site "Hungary"]
[Date "2013.11.17"]
[Round "5"]
[White "Lugasi, Zoltan"]
[Black "Makk, Robert"]
[Result "0-1"]
[WhiteElo "2132"]
[BlackElo "2223"]
[PlyCount "66"]
[EventDate "2013.09.08"]
[EventType "team-tourn"]
[EventRounds "11"]
[EventCountry "HUN"]
[SourceTitle "EXT 2016"]
[Source "ChessBase"]
[SourceDate "2015.10.08"]
[SourceVersion "1"]
[SourceVersionDate "2015.10.08"]
[SourceQuality "1"]
[WhiteTeam "Geniusz Tata"]
[BlackTeam "Alsoszolnok"]
[WhiteTeamCountry "HUN"]
[BlackTeamCountry "HUN"]

1. e4 c5 2. Nf3 d6 3. d4 cxd4 4. Qxd4 Nc6 5. Bb5 Bd7 6. Bxc6 Bxc6 7. Nc3 Nf6 8. Bg5 e6 9. 0-0-0 Be7 10. Rhe1 0-0 11. Qd2 Qc7 12. Nd4 Rfd8 13. f3 Rab8 14. g4 b5 15. Kb1 b4 16. Nce2 a5 17. Ng3 Be8 18. Rg1 a4 19. Nh5 Nxh5 20. gxh5 b3 21. cxb3 axb3 22. a3 g6 23. hxg6 hxg6 24. h4 d5 25. e5 Rdc8 26. h5 Bc5 27. hxg6 Qxe5 28. gxf7+ Kxf7 29. Bf4 Qxd4 30. Qh2 Qxg1 31. Rxg1 Bxg1 32. Qh7+ Kf6 33. Bxb8 Bg6+ 0-1

[Event "HUN-chT2 Breyer 1112"]
[Site "Hungary"]
[Date "2012.01.29"]
[Round "5.5"]
[White "Papista, Akos"]
[Black "Lugasi, Zoltan"]
[Result "1-0"]
[WhiteElo "2161"]
[BlackElo "2164"]
[PlyCount "81"]
[EventDate "2011.09.25"]
[EventType "team-tourn"]
[EventRounds "11"]
[EventCountry "HUN"]
[SourceTitle "EXT 2013"]
[Source "ChessBase"]
[SourceDate "2012.11.22"]
[SourceVersion "1"]
[SourceVersionDate "2012.11.22"]
[SourceQuality "1"]
[WhiteTeam "Biatorbagy"]
[BlackTeam "Geniusz Tata"]
[WhiteTeamCountry "HUN"]
[BlackTeamCountry "HUN"]

1. e4 e5 2. Nf3 Nc6 3. Nc3 Nf6 4. g3 d5 5. exd5 Nxd5 6. Bg2 Bc5 7. 0-0 0-0 8. Re1 Nxc3 9. bxc3 Re8 10. d4 exd4 11. Rxe8+ Qxe8 12. cxd4 Be7 13. Bf4 Bf6 14. c3 Qd8 15. Rb1 Na5 16. Nd2 c6 17. Be4 Be6 18. Nb3 Nxb3 19. axb3 Qd7 20. Qc2 g6 21. Rd1 Rd8 22. h4 Kg7 23. b4 Bc4 24. Re1 Re8 25. Qd2 Kg8 26. Re3 Re6 27. Bf3 Qe7 28. Kg2 Rxe3 29. fxe3 Bd5 30. Qd3 a5 31. bxa5 Qd8 32. e4 Be6 33. a6 bxa6 34. Qxa6 c5 35. d5 Bc8 36. Qc6 Qd7 37. Qxf6 Qh3+ 38. Kf2 Qh2+ 39. Bg2 Bh3 40. Qd8+ Kg7 41. Be5+ 1-0

[Event "HUN-chT2 Breyer 1011"]
[Site "Hungary"]
[Date "2011.04.10"]
[Round "8.5"]
[White "Szabo, Laszlo4444"]
[Black "Lugasi, Zoltan"]
[Result "0-1"]
[WhiteElo "2052"]
[BlackElo "2134"]
[PlyCount "100"]
[EventDate "2010.09.12"]
[EventType "team-tourn"]
[EventRounds "11"]
[EventCountry "HUN"]
[SourceTitle "EXT 2012"]
[Source "ChessBase"]
[SourceDate "2011.11.24"]
[SourceVersion "1"]
[SourceVersionDate "2011.11.24"]
[SourceQuality "1"]
[WhiteTeam "Gyor Komszomol"]
[BlackTeam "Geniusz Tata"]
[WhiteTeamCountry "HUN"]
[BlackTeamCountry "HUN"]

1. e4 e5 2. Nf3 Nc6 3. Bb5 a6 4. Ba4 Nf6 5. d4 exd4 6. 0-0 Be7 7. e5 Ne4 8. Nxd4 0-0 9. Nf5 d5 10. Bxc6 bxc6 11. Nxe7+ Qxe7 12. Re1 Bf5 13. f3 Nc5 14. b3 Ne6 15. Ba3 c5 16. Qxd5 Qh4 17. Rf1 Rfd8 18. Qc4 Qd4+ 19. Qxd4 Nxd4 20. Bxc5 Nxc2 21. Nc3 Nxa1 22. Rxa1 Rd2 23. Rc1 Rad8 24. Be3 Rc2 25. Rxc2 Bxc2 26. Kf2 h6 27. f4 Kf8 28. Na4 Rd1 29. Ke2 Rh1 30. Nc5 Rxh2 31. Kf3 Bb1 32. a4 Ba2 33. a5 Rh1 34. Nxa6 Bxb3 35. Nxc7 Rf1+ 36. Bf2 Ba4 37. a6 Bc6+ 38. Kg3 Ke7 39. a7 Ra1 40. f5 Kd7 41. e6+ fxe6 42. Nxe6 Ra3+ 43. Kg4 Ra2 44. Kg3 g5 45. Ng7 Ke7 46. Nh5 Kf7 47. f6 Kg6 48. Bd4 Rxg2+ 49. Kh3 g4+ 50. Kh4 Rh2+ 0-1

[Event "Balatonalmadi Pannonia Cup 15th"]
[Site "Balatonalmadi"]
[Date "2010.07.31"]
[Round "5"]
[White "Albrecht, Gabor"]
[Black "Lugasi, Zoltan"]
[Result "1/2-1/2"]
[WhiteElo "1947"]
[BlackElo "2141"]
[PlyCount "72"]
[EventDate "2010.07.28"]
[EventType "swiss"]
[EventRounds "7"]
[EventCountry "HUN"]
[SourceTitle "EXT 2016"]
[Source "ChessBase"]
[SourceDate "2015.10.08"]
[SourceVersion "1"]
[SourceVersionDate "2015.10.08"]
[SourceQuality "1"]

1. e4 e5 2. Nf3 Nc6 3. Bb5 a6 4. Ba4 Nf6 5. 0-0 b5 6. Bb3 Bc5 7. c3 d6 8. d4 Bb6 9. dxe5 Nxe5 10. Nxe5 dxe5 11. Qxd8+ Kxd8 12. Bg5 Ke7 13. Bd5 Rb8 14. Nd2 h6 15. Bxf6+ Kxf6 16. a4 Rd8 17. axb5 axb5 18. Nb3 Rd6 19. Na5 Bd7 20. Rfd1 Ke7 21. b4 c6 22. Bb3 Rxd1+ 23. Rxd1 Bxa5 24. bxa5 Ra8 25. Ra1 f6 26. Kf1 c5 27. Bd5 Ra7 28. c4 b4 29. Ke2 b3 30. Kd2 b2 31. Rb1 Rxa5 32. Rxb2 Ra1 33. Rb7 Kd6 34. Rb6+ Kc7 35. Rb7+ Kc8 36. Ke2 Ra3 1/2-1/2

[Event "HUN-chT2 Charousek 0910"]
[Site "Hungary"]
[Date "2010.05.02"]
[Round "11"]
[White "Siroky, Jan"]
[Black "Lugasi, Zoltan"]
[Result "0-1"]
[WhiteElo "2218"]
[BlackElo "2087"]
[PlyCount "94"]
[EventDate "2009.11.08"]
[EventType "team-tourn"]
[EventRounds "11"]
[EventCountry "HUN"]
[SourceTitle "EXT 2011"]
[Source "ChessBase"]
[SourceDate "2010.11.26"]
[SourceVersion "1"]
[SourceVersionDate "2010.11.26"]
[SourceQuality "1"]
[WhiteTeam "Pannonpower"]
[BlackTeam "Tatai Honved"]
[WhiteTeamCountry "HUN"]
[BlackTeamCountry "HUN"]

1. e4 e5 2. Nf3 Nc6 3. Bb5 a6 4. Bxc6 dxc6 5. d4 exd4 6. Qxd4 Qxd4 7. Nxd4 c5 8. Ne2 Bd7 9. Nbc3 Bc6 10. f3 0-0-0 11. Bg5 Be7 12. Be3 b6 13. Kf2 Bf6 14. Rad1 Ne7 15. Rxd8+ Rxd8 16. Rd1 Rxd1 17. Nxd1 Bb5 18. Bc1 Nc6 19. Ne3 Nb4 20. Nc3 Bd4 21. Nxb5 axb5 22. Ke2 Nxa2 23. Bd2 Bxb2 24. Nf5 Kd7 25. f4 b4 26. e5 g6 27. Ng3 f6 28. Ne4 fxe5 29. Nf6+ Ke6 30. Nxh7 exf4 31. Bxf4 Nc3+ 32. Kf3 Nd5 33. Ng5+ Ke7 34. Bd2 c4 35. Ne4 b3 36. cxb3 cxb3 37. Ke2 Be5 38. Bg5+ Ke6 39. Nd2 b2 40. Kd3 Bxh2 41. Kc2 Be5 42. Nc4 Nb4+ 43. Kb1 Nd3 44. Bd8 Kd7 45. Bg5 Bd4 46. Nd2 c5 47. Kc2 Ne1+ 0-1

[Event "HUN-chT2 Breyer 0809"]
[Site "Hungary"]
[Date "2009.04.19"]
[Round "11"]
[White "Lugasi, Zoltan"]
[Black "Vrona, Mihail"]
[Result "1/2-1/2"]
[WhiteElo "2081"]
[BlackElo "2139"]
[PlyCount "49"]
[EventDate "2008.10.26"]
[EventType "team-tourn"]
[EventRounds "11"]
[EventCountry "HUN"]
[SourceTitle "EXT 2010"]
[Source "ChessBase"]
[SourceDate "2010.11.25"]
[SourceVersion "1"]
[SourceVersionDate "2010.11.25"]
[SourceQuality "1"]
[WhiteTeam "Geniusz Tata"]
[BlackTeam "Tatai Honved"]
[WhiteTeamCountry "HUN"]
[BlackTeamCountry "HUN"]

1. e4 e5 2. Nf3 Nc6 3. Bb5 a6 4. Ba4 d6 5. d4 b5 6. Bb3 Nxd4 7. Nxd4 exd4 8. Bd5 Rb8 9. Qxd4 Bd7 10. c3 c6 11. Bb3 c5 12. Qd1 c4 13. Bc2 Bc6 14. 0-0 Nf6 15. Bf4 Be7 16. Nd2 0-0 17. Re1 Rb7 18. Nf3 Rd7 19. Nd4 Bb7 20. a4 Qb6 21. a5 Qd8 22. Nf5 Re8 23. f3 Bf8 24. Be3 d5 25. Bb6 1/2-1/2

[Event "HUN-chT2 Breyer 0809"]
[Site "Hungary"]
[Date "2009.02.22"]
[Round "8"]
[White "Toth, Gyula"]
[Black "Lugasi, Zoltan"]
[Result "0-1"]
[WhiteElo "2135"]
[BlackElo "2081"]
[PlyCount "136"]
[EventDate "2008.10.26"]
[EventType "team-tourn"]
[EventRounds "11"]
[EventCountry "HUN"]
[SourceTitle "EXT 2010"]
[Source "ChessBase"]
[SourceDate "2010.11.25"]
[SourceVersion "1"]
[SourceVersionDate "2010.11.25"]
[SourceQuality "1"]
[WhiteTeam "Esztergom"]
[BlackTeam "Geniusz Tata"]
[WhiteTeamCountry "HUN"]
[BlackTeamCountry "HUN"]

1. e4 e5 2. Nc3 Nf6 3. f4 d5 4. fxe5 Nxe4 5. Nf3 Bg4 6. Qe2 Nxc3 7. bxc3 c6 8. d4 Qa5 9. Bd2 Qa4 10. Qf2 Qxc2 11. Be2 Be7 12. Rc1 Qg6 13. 0-0 0-0 14. Kh1 b5 15. Qe3 Bf5 16. Rce1 Nd7 17. Qf2 Be4 18. Bf4 Nb6 19. Nd2 Bc2 20. Qe3 Nc4 21. Bxc4 bxc4 22. Rf3 Qe6 23. Bg5 Bxg5 24. Qxg5 Rab8 25. Rf6 Qe7 26. Nf3 Rb6 27. h4 Kh8 28. Rd6 Qxg5 29. Nxg5 h6 30. Nh3 Bf5 31. Nf4 Re8 32. Re2 Kg8 33. Kh2 Re7 34. Rd8+ Kh7 35. Rd6 Rd7 36. Rxd7 Bxd7 37. Kg3 Rb8 38. Rf2 a5 39. Re2 a4 40. Kf2 a3 41. e6 fxe6 42. Nxe6 Bxe6 43. Rxe6 Rb2+ 44. Re2 Kg6 45. Kf3 Kh5 46. Re5+ Kg6 47. Re6+ Kf7 48. Re2 Kf6 49. g3 Rb3 50. Re3 Rb1 51. Kf2 Rc1 52. Kf3 Rc2 53. Kg4 Rxa2 54. Kh5 Rf2 55. g4 a2 56. Re1 Rh2 57. Rf1+ Ke6 58. g5 hxg5 59. Kxg5 Rg2+ 60. Kh5 Kd6 61. Re1 g6+ 62. Kh6 c5 63. dxc5+ Kxc5 64. Rd1 Rg4 65. Kg7 Rxh4 66. Kxg6 d4 67. cxd4+ Rxd4 68. Rc1 Kb4 0-1

[Event "HUN-chT2 Breyer 0809"]
[Site "Hungary"]
[Date "2009.01.11"]
[Round "5"]
[White "Lugasi, Zoltan"]
[Black "Szuts, Janos"]
[Result "0-1"]
[WhiteElo "2081"]
[BlackElo "2009"]
[PlyCount "82"]
[EventDate "2008.10.26"]
[EventType "team-tourn"]
[EventRounds "11"]
[EventCountry "HUN"]
[SourceTitle "EXT 2010"]
[Source "ChessBase"]
[SourceDate "2010.11.25"]
[SourceVersion "1"]
[SourceVersionDate "2010.11.25"]
[SourceQuality "1"]
[WhiteTeam "Geniusz Tata"]
[BlackTeam "Vertesi Eromu"]
[WhiteTeamCountry "HUN"]
[BlackTeamCountry "HUN"]

1. e4 d6 2. d4 Nd7 3. Nf3 e5 4. c4 Ngf6 5. Nc3 Be7 6. g3 0-0 7. Bg2 c6 8. 0-0 Re8 9. h3 Qc7 10. Qc2 Nf8 11. Be3 h6 12. Rac1 N6h7 13. b4 Ne6 14. d5 Neg5 15. Nxg5 Bxg5 16. f4 exf4 17. gxf4 Bf6 18. Qd3 Bd7 19. c5 Bxc3 20. Rxc3 Rad8 21. e5 dxe5 22. d6 Qc8 23. f5 Nf6 24. Be4 Nd5 25. Rb3 Nf4 26. Bxf4 exf4 27. Rxf4 Re5 28. Rb2 Rde8 29. Rg2 Qd8 30. Qf3 Qf6 31. Kh2 Rc8 32. a4 b6 33. Rc2 bxc5 34. bxc5 Rce8 35. h4 Rf8 36. Rc1 Rb8 37. h5 Rb2+ 38. Kh1 Rb4 39. Rg1 Bxf5 40. Bxc6 Rxf4 41. Qxf4 Be4+ 0-1

[Event "HUN-chT2 Breyer 0809"]
[Site "Hungary"]
[Date "2008.12.21"]
[Round "4"]
[White "Lugasi, Zoltan"]
[Black "Hegedus, Gyula"]
[Result "0-1"]
[WhiteElo "2081"]
[BlackElo "2121"]
[PlyCount "84"]
[EventDate "2008.10.26"]
[EventType "team-tourn"]
[EventRounds "11"]
[EventCountry "HUN"]
[SourceTitle "EXT 2010"]
[Source "ChessBase"]
[SourceDate "2010.11.25"]
[SourceVersion "1"]
[SourceVersionDate "2010.11.25"]
[SourceQuality "1"]
[WhiteTeam "Geniusz Tata"]
[BlackTeam "Balatonfuered"]
[WhiteTeamCountry "HUN"]
[BlackTeamCountry "HUN"]

1. e4 d6 2. d4 Nf6 3. Nc3 c6 4. Bg5 Qb6 5. Rb1 e5 6. d5 Nbd7 7. Be3 Qc7 8. g3 Be7 9. Bg2 Nb6 10. Nge2 cxd5 11. exd5 Ng4 12. Bc1 f5 13. 0-0 0-0 14. h3 Nf6 15. f4 e4 16. Be3 Bd7 17. Kh2 Nc4 18. Bc1 b5 19. b3 Nb6 20. Qd4 Ne8 21. Bb2 Bf6 22. Qd2 Rc8 23. a3 a5 24. Rfd1 Qb7 25. g4 b4 26. axb4 axb4 27. Na2 Bxb2 28. Rxb2 fxg4 29. Nxb4 Nf6 30. Ng3 Rce8 31. f5 Re5 32. c4 Nc8 33. Nc2 Ne7 34. Ne3 Bxf5 35. Rf1 gxh3 36. Bh1 Bd7 37. Rf4 Ng6 38. Rf1 Qc8 39. Qd4 Qe8 40. Rbf2 Re7 41. b4 Ne5 42. Kg1 Qg6 0-1

[Event "HUN-chT2 Breyer 0809"]
[Site "Hungary"]
[Date "2008.11.30"]
[Round "3"]
[White "Lugasi, Zoltan"]
[Black "Martin, Bela"]
[Result "0-1"]
[WhiteElo "2081"]
[BlackElo "2035"]
[PlyCount "88"]
[EventDate "2008.10.26"]
[EventType "team-tourn"]
[EventRounds "11"]
[EventCountry "HUN"]
[SourceTitle "EXT 2010"]
[Source "ChessBase"]
[SourceDate "2010.11.25"]
[SourceVersion "1"]
[SourceVersionDate "2010.11.25"]
[SourceQuality "1"]
[WhiteTeam "Geniusz Tata"]
[BlackTeam "BEAC II"]
[WhiteTeamCountry "HUN"]
[BlackTeamCountry "HUN"]

1. e4 c5 2. Nf3 d6 3. d4 cxd4 4. Qxd4 a6 5. c4 Nc6 6. Qd2 Nf6 7. Nc3 e6 8. Be2 Be7 9. 0-0 0-0 10. b3 Qc7 11. Bb2 b6 12. Rfd1 Rd8 13. Rac1 Qa7 14. Ne1 Bb7 15. Nc2 Ne5 16. Qd4 Ned7 17. Ne3 e5 18. Qd3 Nc5 19. Qb1 Ncxe4 20. Nf5 Bf8 21. Nxe4 Bxe4 22. Bd3 Bxd3 23. Rxd3 g6 24. Ne3 Qe7 25. Rcd1 Qe6 26. f4 Be7 27. f5 Qc8 28. g4 g5 29. Nd5 Nxd5 30. Rxd5 Ra7 31. Qd3 f6 32. Bc1 Rc7 33. Be3 Rb7 34. b4 Qb8 35. a4 Rc8 36. Kg2 Rbc7 37. Rc1 Qb7 38. Kg3 Rc6 39. Qb3 Kg7 40. b5 Rxc4 41. Qxc4 Rxc4 42. Rxc4 Qxd5 43. Rc7 Qd3 44. Kf2 axb5 0-1

[Event "Balatonalmadi Pannonia Cup 13th"]
[Site "Balatonalmadi"]
[Date "2008.07.31"]
[Round "3"]
[White "Matrahalmi, Tibor"]
[Black "Lugasi, Zoltan"]
[Result "1-0"]
[WhiteElo "2250"]
[BlackElo "2059"]
[PlyCount "39"]
[EventDate "2008.07.30"]
[EventType "swiss"]
[EventRounds "7"]
[EventCountry "HUN"]
[SourceTitle "CBM 125 Extra"]
[Source "ChessBase"]
[SourceDate "2008.09.01"]
[SourceVersion "1"]
[SourceVersionDate "2008.09.01"]
[SourceQuality "1"]

1. e4 e5 2. Nf3 Nc6 3. Bb5 a6 4. Ba4 Nf6 5. 0-0 Be7 6. Re1 b5 7. Bb3 0-0 8. d4 exd4 9. e5 Ne8 10. Bd5 Rb8 11. Bxc6 dxc6 12. Nxd4 Qd7 13. Be3 c5 14. Nb3 Qc6 15. Nc3 c4 16. Nd5 Bd8 17. Na5 Qa8 18. Bc5 c6 19. Ne7+ Kh8 20. Qxd8 1-0

[Event "HUN-chT2 Breyer 0708"]
[Site "Hungary"]
[Date "2008.03.02"]
[Round "7"]
[White "Lugasi, Zoltan"]
[Black "Florian, Mark"]
[Result "1/2-1/2"]
[WhiteElo "2064"]
[BlackElo "1991"]
[PlyCount "100"]
[EventDate "2007.10.14"]
[EventType "team"]
[EventRounds "11"]
[EventCountry "HUN"]
[SourceTitle "EXT 2009"]
[Source "ChessBase"]
[SourceDate "2008.11.26"]
[SourceVersion "1"]
[SourceVersionDate "2008.11.26"]
[SourceQuality "1"]
[WhiteTeam "Geniusz Tata"]
[BlackTeam "Esztergom"]
[WhiteTeamCountry "HUN"]
[BlackTeamCountry "HUN"]

1. e4 e5 2. Nf3 Nc6 3. Bb5 Nf6 4. 0-0 d6 5. d4 exd4 6. Nxd4 Bd7 7. Nxc6 Bxc6 8. Bxc6+ bxc6 9. c4 Be7 10. Nc3 0-0 11. Qd3 Nd7 12. Be3 Bf6 13. Rad1 Re8 14. f3 Rb8 15. Qc2 c5 16. b3 Nb6 17. Bxc5 Qe7 18. Bxb6 axb6 19. Nd5 Qd8 20. a4 c6 21. Ne3 b5 22. axb5 Qb6 23. c5 dxc5 24. Nc4 Qc7 25. b6 Qe7 26. g3 h5 27. Kg2 h4 28. Rfe1 Bd4 29. e5 Qg5 30. Qe4 f6 31. e6 hxg3 32. hxg3 Qd5 33. Rd2 f5 34. Qxd5 cxd5 35. Nd6 Bc3 36. Nxe8 Bxd2 37. Re2 Rxe8 38. Rxd2 d4 39. Ra2 Rb8 40. Kf2 Kf8 41. Ra5 Rxb6 42. Rxc5 g6 43. Rd5 Rxb3 44. Rxd4 Ke7 45. g4 Kxe6 46. Kg3 fxg4 47. Kxg4 Rb5 48. Ra4 Kf6 49. Ra6+ Kf7 50. f4 Rc5 1/2-1/2